Sports Quiz

Random Sports or NBA Quiz

30 points in an NBA playoff game - 1998 Quiz Stats

 Plays Quiz not verified by Sporcle

Also try: SEC States
Challenge
Share
Tweet
Embed
Score 0/15 Timer 05:00
0 Plays Today
Team Player % Correct
BullsMichael Jordan
100%
JazzKarl Malone
100%
PacersReggie Miller
100%
SpursTim Duncan
100%
SonicsGary Payton
100%
LakersShaquille O'Neal
97.7%
HeatAlonzo Mourning
93.2%
KnicksAllan Houston
90.9%
Team Player % Correct
HornetsGlen Rice
84.1%
BullsToni Kukoc
84.1%
SpursAvery Johnson
81.8%
HeatTim Hardaway
75%
CavaliersShawn Kemp
75%
LakersEddie Jones
63.6%
HawksSteve Smith
61.4%

You're not logged in!

Compare scores with friends on all Sporcle quizzes.
OR
Log In

You Might Also Like...

Show Comments

Extras

Top Quizzes Today


Score Distribution

Your Account Isn't Verified!

In order to create a playlist on Sporcle, you need to verify the email address you used during registration. Go to your Sporcle Settings to finish the process.

Report this User

Report this user for behavior that violates our Community Guidelines.

Details: